|
|
|
|
| LEADER |
00000nam a2200000 a 4500 |
| 001 |
vtls010572703 |
| 003 |
SK-MaSNL |
| 005 |
20260301133613.0 |
| 008 |
240315s2013 xo a b 000 0 slo |
| 015 |
|
|
|a SNBA2014/04
|
| 020 |
|
|
|a 9788081077302
|q (viaz.)
|
| 035 |
|
|
|a 22C8F309-632A-4A2C-AD00-FDD17FAE6E7F
|
| 035 |
|
|
|a urn:nbn:sk:snk-amjz1g
|
| 035 |
|
|
|a urn:nbn:sk:snk-am007y35
|
| 040 |
|
|
|a SNK
|b slo
|c SNK
|e AACR2
|
| 041 |
1 |
|
|a slo
|h eng
|
| 044 |
|
|
|a xo
|c SK
|
| 072 |
|
7 |
|a 0/9-053.2
|x Literatúra pre deti a mládež (náučná)
|2 konspekt
|
| 072 |
|
7 |
|a 656.2
|x Železničná doprava
|2 konspekt
|
| 080 |
|
|
|a 656.2
|2 2001
|
| 080 |
|
|
|a 656.223.1/.2
|2 2001
|
| 080 |
|
|
|a (0.053.2)
|2 2001
|
| 100 |
1 |
|
|a Bone, Emily
|4 aut
|9 353076
|
| 240 |
1 |
0 |
|a See inside trains
|l Slovensky
|
| 245 |
1 |
0 |
|a Jedinečný svet vlakov
|b viac ako 60 otváracích okienok
|c Emily Bone ; [ilustrácie] Colin King ; [preklad z anglického vydania: Martin Lukáč]
|
| 250 |
|
|
|a 1. slov. vyd.
|
| 260 |
|
|
|a Bratislava
|b Svojtka & Co.
|c 2013
|
| 300 |
|
|
|a 12, [2] s.
|b fareb. ilustr.
|c 29 cm
|
| 500 |
|
|
|a Názov a aut. údaje z obalu
|
| 500 |
|
|
|a Kartónové listy s otváracími okienkami
|
| 650 |
0 |
7 |
|a železničná doprava
|2 SNKPH
|9 3185
|
| 650 |
0 |
7 |
|a Rail transport
|2 SNKPHeng
|9 275993
|
| 650 |
0 |
7 |
|a vlaky
|2 SNKPH
|9 30603
|
| 650 |
0 |
7 |
|a Trains
|2 SNKPHeng
|9 306605
|
| 655 |
|
7 |
|a publikácie pre deti
|2 SNKPH
|9 70148
|
| 655 |
|
7 |
|a Children's literature
|2 SNKPHeng
|9 276039
|
| 700 |
1 |
|
|a King, Colin,
|d 1943-
|4 ill
|9 151718
|
| 700 |
1 |
|
|a Lukáč, Martin,
|d 1971 október 31.-
|4 trl
|9 226447
|
| 919 |
|
|
|a 978-80-8107-730-2
|
| 958 |
|
|
|a DB
|
| 958 |
|
|
|a OP
|
| 999 |
|
|
|c 754151
|d 756081
|
| 952 |
|
|
|a SNK
|b SNK
|y PREZ
|7 0
|p 17A1103514
|o snkSB 86146
|i snk2014/2827
|8 0
|0 0
|1 0
|4 0
|d 2014-01-28
|f 1
|l 0
|r 2025-05-07 00:00:00
|w 2026-02-23
|
| 952 |
|
|
|a SNK
|b SNK
|y PREZ
|7 0
|p 17A1103513
|o snkSB 86146 D1
|i snk2014/2828
|8 0
|0 0
|1 0
|4 0
|d 2014-01-28
|l 0
|r 2016-06-30 00:00:00
|w 2026-02-23
|